000 00449nam a2200193Ia 4500
999 _c56517
_d56517
003 0100
005 20171017092935.0
008 130303s9999 xx 000 0 und d
040 _cARRUPELIB
050 _aB765.T53P28 1950
100 _aAquinas, Thomas St
_99346
245 _aDe principiis naturae
260 _aFribourg
260 _bSociÚtÚ Philosophique
300 _a110p.
300 _b 23cm
440 _aTextus philosophici friburgenses
_n2
_937130
650 _aPHILOSOPHY
_937131
700 _aPauson, John J
_937132
942 _2lcc
_cMONOGRAPH